Economía industrial / (Record no. 31141)

MARC details
000 -LEADER
campo de control de longitud fija 00688nam a2200193 i 4500
001 - NÚMERO DE CONTROL
campo de control 31141
003 - IDENTIFICADOR DE NÚMERO DE CONTROL
campo de control ES-MaACL
005 - FECHA Y HORA DE LA ÚLTIMA TRANSACCIÓN
campo de control 20230906154324.0
007 - CAMPO FIJO DE DESCRIPCIÓN FÍSICA--INFORMACIÓN GENERAL
campo de control de longitud fija t|
008 - DATOS DE LONGITUD FIJA--INFORMACIÓN GENERAL
campo de control de longitud fija 030128s1954 ag ||||1| spa d
100 1# - ENTRADA PRINCIPAL--NOMBRE DE PERSONA
Nombre de persona Beacham, A.
9 (RLIN) 26771
245 10 - MENCIÓN DEL TÍTULO
Título Economía industrial /
Mención de responsabilidad, etc. A. Beachman ; [traducción directa de la segunda edición inglesa por Elina von Semasco de Puertas ; revisión y prólogo por Francisco Cholvis.
250 ## - MENCION DE EDICION
Mención de edición 1ª ed argentina.
260 ## - PUBLICACIÓN, DISTRIBUCIÓN, ETC.
Lugar de publicación, distribución, etc. Buenos Aires :
Nombre del editor, distribuidor, etc. Prometeo,
Fecha de publicación, distribución, etc. 1954 (
Fabricante U. Chiesino)
300 ## - DESCRIPCIÓN FÍSICA
Extensión 236 p. ;
Dimensiones 23 cm.
700 1# - ENTRADA AGREGADA--NOMBRE PERSONAL
Nombre de persona Semasco de Puertas, Elina von.
9 (RLIN) 105371
700 1# - ENTRADA AGREGADA--NOMBRE PERSONAL
Nombre de persona Cholvis, Francisco.
9 (RLIN) 38601
852 ## - LOCALIZACIÓN
Ubicación ES-MaACL
Número de control de estantería C-11496
Sublocalización o colección R.39653
Holdings
Estatus retirado Estado de pérdida Estado de daño No para préstamo Biblioteca de origen Biblioteca actual Ubicación en estantería Fecha de adquisición Fuente de adquisición Total de préstamos Signatura topográfica completa Código de barras Visto por última vez Precio de reemplazo Tipo de ítem Koha
        Biblioteca del Ateneo de Madrid Biblioteca del Ateneo de Madrid Sala Palomar 17/01/2008     C-11496 1032171 23/02/2023 23/02/2023 Libro impreso